[Event "GER-ch Blitz Women 2020"]
[Site "Magdeburg"]
[Date "2020.08.15"]
[Round "2.8"]
[White "Michna, Marta"]
[Black "Mader, Lena"]
[Result "1-0"]
[WhiteElo "2350"]
[BlackElo "1839"]
[Annotator "TA"]
[PlyCount "85"]
[EventDate "2020.07.28"]
[EventType "tourn"]
[EventCountry "GER"]
[SourceTitle "playchess.com"]
[Source "ChessBase"]
[SourceQuality "1"]

{[%evp 10,85,0,-10,19,19,20,19,9,22,28,-8,103,113,125,73,93,87,100,89,133,138,168,166,164,158,367,367,366,365,373,379,387,375,364,305,460,319,305,317,305,314,308,304,297,285,297,303,315,303,337,342,344,336,527,493,634,637,644,639,608,576,1134,1135,6595,6589,6589,6589,6438,6438,6309,6294,5497,5314,5144,2187,1083,1016]} 1. d4 Nf6 2. c3 g6 3. Nf3 Bg7 4. Bf4 d6 5. h3 O-O 6. Nbd2 c5 {A48: 1 d4 Nf6 2 Nf3 g6: Torre, London and Colle Systems.} 7. dxc5 $1 {[%mdl 4] is recently more successful than 7.e3. Played by Magnus Carlsen in April 2020.} dxc5 8. Qc2 Nc6 {The position is equal.} 9. e4 Nh5 10. Be3 {[#]} e5 $146 (10... b6 $11 {keeps the balance.}) ({Predecessor:} 10... b6 11. g4 Nf6 12. Be2 Qc7 13. O-O-O Rd8 14. Nh2 Bb7 15. h4 Na5 16. Bf3 Nd7 {0-1 (45) Spacek,O (2162)-Chovan,M (2172) Banska Stiavnica 2015}) 11. Bxc5 $16 Re8 12. Bc4 (12. Rd1 $142) 12... Nf4 13. O-O Be6 14. Be3 Bxc4 15. Nxc4 Ne6 16. Rad1 Qc7 17. Nd6 Rad8 $2 {[#] This move loses the game for Black.} (17... Reb8 $16 18. Qb3 Bf8) 18. Nxe8 $18 Rxe8 19. Rd2 h6 20. Rfd1 Re7 21. Qa4 a6 22. Qb3 b5 (22... Na5 $142) 23. a4 Na5 24. Qd5 Nc4 25. axb5 Nxd2 26. Rxd2 ({Don't play} 26. Qxd2 axb5 27. Bxh6 Re8 $18) 26... axb5 27. Qxb5 Kh7 28. Qd5 Qb8 29. Qd6 Rb7 30. Qxb8 Rxb8 31. b4 Bf8 (31... Kg8 $142 32. Rd7 Kf8) 32. Rd7 {White is clearly winning.} Kg7 33. Nxe5 Rc8 34. Rxf7+ Kg8 35. Rf6 Rxc3 36. Rxe6 Rb3 37. Re8 Kg7 38. Bxh6+ {[%mdl 64] [#] Deflection} Kxh6 39. Rxf8 Rxb4 40. f3 Rb5 41. Ng4+ Kg7 42. Rc8 Rb1+ 43. Kh2 {Accuracy: White = 82%, Black = 53%.} 1-0

[Event "GER-ch Blitz Women 2020"]
[Site "Magdeburg"]
[Date "2020.08.15"]
[Round "2.9"]
[White "Osmanodja, Filiz"]
[Black "Braun, Kristin"]
[Result "1/2-1/2"]
[WhiteElo "2293"]
[BlackElo "1918"]
[Annotator "TA"]
[PlyCount "75"]
[EventDate "2020.07.28"]
[EventType "tourn"]
[EventCountry "GER"]
[SourceTitle "playchess.com"]
[Source "ChessBase"]
[SourceQuality "1"]

{[%evp 16,75,22,6,33,14,23,20,22,13,26,35,25,0,18,-52,-59,-58,-55,-66,-69,-123,-94,-97,-91,-91,-81,-95,-92,-106,-52,-192,-194,-193,-127,-153,-90,-238,-231,-217,-178,-29991,-228,-356,-335,-29994,-29994,-29995,-29996,-29996,-29993,-29993,-29981,-2992,0,0,0,0,0,0,0,0]} 1. e4 e6 2. d4 d5 3. Nc3 Nf6 4. e5 Nfd7 5. f4 c5 6. Nf3 Nc6 7. Ne2 cxd4 8. Nexd4 Nxd4 9. Nxd4 Nc5 {C05: French Tarrasch: 3...Nf6 4 e5 Nfd7, 5 f4 and 5 Bd3 sidelines.} 10. Bd3 (10. Be3 {with more complications.} Be7 11. Be2 b6 12. O-O O-O 13. c3) 10... Qb6 11. c3 Nxd3+ 12. Qxd3 {[#]} Be7 $146 ({Predecessor:} 12... Bc5 13. Qb5+ Bd7 14. Qxb6 Bxb6 15. Nc2 Ba4 16. b3 Bb5 17. Be3 Bxe3 18. Nxe3 Bd3 {1-0 (43) Szegi,T (2224)-Szucs,V (2161) Slovakia 2008}) 13. O-O O-O 14. Kh1 Bc5 15. f5 (15. Be3 $11) 15... Bxd4 $15 16. cxd4 {next f6 is good for White.} exf5 17. b3 Bd7 {aiming for ...Bb5.} 18. Qg3 ({White has to play} 18. Re1 $1 $15) 18... Rac8 19. Ba3 Rfe8 ({Much worse is} 19... Qxd4 $6 20. Bxf8 Rxf8 21. Rad1 $14) 20. Bc5 Qc7 21. Bd6 Qc2 22. h3 Rc3 (22... Qb2 $17 23. Qd3 Rc3) 23. Qg5 (23. Rf2 $15 Rxg3 24. Rxc2) 23... h6 $19 24. Qh4 Be6 (24... Qe4 $19 25. Qxe4 fxe4) 25. Rf2 Qd3 (25... Qe4 $142 26. Qxe4 fxe4) 26. Raf1 (26. Rf3 $17 Qc2 27. Rxc3 Qxc3 28. Rf1) 26... Rec8 $1 27. Rf3 Qb5 28. Rxc3 $2 (28. Kh2 $19) 28... Rxc3 $2 (28... Qxf1+ {mates} 29. Kh2 Rxc3 30. Qd8+ Kh7 31. Qc7 Re3 32. Qc1 Qxc1 33. Bf8 {[#]} Re2 $1 {[%mdl 512]} 34. h4 Qf4+ $1 {[%mdl 576] Double Attack} 35. Kh3 Qg4+ {[%mdl 64] Double Attack} 36. Kh2 Qxg2#) 29. Qd8+ (29. Qe1 $142) 29... Kh7 30. Qh4 $2 (30. Kg1 $19) 30... Qxf1+ 31. Kh2 {[#]} Rc2 $1 {[%csl Gf1][%cal Rc2g2]} 32. Qg3 Rxa2 33. Bf8 g6 34. Bxh6 Kxh6 $2 ({Black should play} 34... Ra1 $19 {[%csl Ga1][%cal Rf1h1]} 35. Bc1 Qxc1 36. Qh4+ Qh6) 35. Qh4+ $11 {The position is equal.} Kg7 {[%csl Gf1][%cal Ra2g2]} 36. Qf6+ Kh7 {[%csl Gf1][%cal Ra2g2]} 37. Qh4+ Kg8 {[%csl Gf1][%cal Ra2g2]} 38. Qd8+ {Accuracy: White = 31%, Black = 67%.} 1/2-1/2

[Event "GER-ch Blitz Women 2020"]
[Site "Magdeburg"]
[Date "2020.08.15"]
[Round "3.1"]
[White "Braun, Kristin"]
[Black "Paehtz, Elisabeth"]
[Result "0-1"]
[WhiteElo "1918"]
[BlackElo "2473"]
[Annotator "TA"]
[PlyCount "74"]
[EventDate "2020.07.28"]
[EventType "tourn"]
[EventCountry "GER"]
[SourceTitle "playchess.com"]
[Source "ChessBase"]
[SourceQuality "1"]

{[%evp 10,74,34,0,24,8,8,18,8,0,36,-31,9,-108,-54,-120,0,0,0,-380,-378,-390,-380,-383,-320,-329,-306,-309,-320,-304,-326,-434,-429,-451,-340,-891,-897,-881,-859,-812,-632,-907,-906,-926,-828,-955,-947,-941,-932,-941,-939,-1456,-1481,-1347,-1297,-1295,-1293,-1786,-1933,-2433,-2446,-2396,-2170,-2502,-2220,-5162,-5482]} 1. e4 c5 2. Nf3 d6 3. d4 cxd4 4. Nxd4 Nf6 5. Nc3 a6 6. Qf3 Nbd7 {B90: Sicilian Najdorf: Unusual White 6th moves, 6 Be3 Ng4 and 6 Be3 e5.} 7. h3 g6 8. g4 Bg7 {The position is equal.} 9. Be3 Qc7 {[#]} 10. Bd3 $146 (10. O-O-O $14) ({Predecessor:} 10. g5 Ne5 11. Qg2 Nfd7 12. O-O-O e6 13. f4 Nc4 14. Bxc4 Qxc4 15. f5 exf5 16. exf5 {0-1 (27) Olivera Gutierrez,A (2046)-Gimeno Diaz,F (1886) Valladolid 2012}) 10... h6 11. g5 (11. a3 $11 {keeps the balance.}) 11... hxg5 ({Better is} 11... Ne5 $17 12. Qe2 hxg5 13. Bxg5 Rxh3 14. Rxh3 Bxh3) 12. Bxg5 (12. O-O-O $1 $15) 12... b5 (12... Qb6 $17 {aiming for ...Ne5.} 13. Nb3 Ne5) 13. e5 $1 $11 {[%cal Re5f6]} Bb7 14. Qg3 $2 {[%mdl 8192] [#] White is on the road to losing.} (14. exf6 $11 {and White stays safe.} Nxf6 15. Ne4 Nxe4 16. Bxe4) 14... dxe5 15. Rg1 b4 16. Nce2 Qb6 17. Nb3 Nh5 18. Qe3 e4 19. Bc4 Qxe3 ({Resist} 19... Bxb2 20. Rb1 $19) 20. fxe3 Ne5 {[%cal Bd7e5,Be5c4,Bc4e3][%mdl 32]} 21. Nd2 Rd8 {And now ...Rxd2! would win.} 22. Rf1 $2 {[#]} (22. Bb3) 22... Rxd2 $1 $19 {[%mdl 576] Remove Defender. Black is clearly winning.} 23. Kxd2 Nxc4+ 24. Ke1 f5 25. Nf4 Nxe3 26. Nxg6 Nxc2+ 27. Kd2 Nxa1 28. Nxh8 Bxh8 29. Rxa1 Bxb2 30. Rb1 Bc3+ 31. Kc2 Bd5 32. a3 a5 {[%cal Ba6a5,Ba5b4][%mdl 32]} 33. axb4 axb4 34. Rd1 e6 35. Be3 Kf7 36. Bc5 f4 37. Rf1 f3 {Accuracy: White = 48%, Black = 76%.} 0-1

[Event "GER-ch Blitz Women 2020"]
[Site "Magdeburg"]
[Date "2020.08.15"]
[Round "3.2"]
[White "Mader, Lena"]
[Black "Osmanodja, Filiz"]
[Result "0-1"]
[WhiteElo "1839"]
[BlackElo "2293"]
[Annotator "TA"]
[PlyCount "64"]
[EventDate "2020.07.28"]
[EventType "tourn"]
[EventCountry "GER"]
[SourceTitle "playchess.com"]
[Source "ChessBase"]
[SourceQuality "1"]

{[%evp 16,63,-9,-10,14,0,0,-9,0,0,0,-16,-14,-48,-27,-47,22,0,0,0,0,0,0,0,0,0,73,16,58,-908,-914,-903,-892,-860,-858,-1741,-1737,-2428,-1824,-2418,-2404,-1863,-1737,-29996,-29997,-29997,-29993,-29999,-29999,-29999]} 1. c4 c5 2. Nc3 Nc6 3. g3 g6 4. Bg2 Bg7 5. Nf3 e5 6. d3 Nge7 7. O-O O-O 8. Ne1 d6 9. Nc2 f5 {A37: Symmetrical English vs ...g6: 4 Bg2 Bg7 5 Nf3.} 10. Bg5 h6 11. Bxe7 Qxe7 {[#] The position is equal.} 12. Nd5 $146 ({Predecessor:} 12. Ne3 g5 13. Ned5 Qd8 14. f4 exf4 15. gxf4 gxf4 16. Nxf4 Bd4+ 17. Kh1 Kh7 18. Qd2 {½-½ (45) Metaxasz,V (2029)-Jansen,C (2254) Heviz 2016}) 12... Qd8 13. e3 Be6 14. a3 Kh7 15. h4 f4 (15... Ne7 $15) 16. exf4 exf4 17. Nxf4 Rxf4 18. gxf4 Qxh4 19. Qf3 Rf8 20. Qg3 Qf6 (20... Rxf4 $11 21. Rfe1 Bf5) 21. Ne3 ({Better is} 21. Rae1 $16) 21... Nd4 {Hoping for ...Ne2+.} 22. f5 $2 {[%mdl 8192] Loses the game.} (22. Rae1 $14) 22... Ne2+ $19 {[%mdl 64] [#] Double Attack, Discovered Attack} 23. Kh1 Nxg3+ 24. fxg3 gxf5 25. Bxb7 Qg5 26. Rg1 Qh5+ 27. Kg2 Qe2+ 28. Kh1 f4 {[#] ( -> ...Qh5+)} 29. Rae1 Qh5+ {Black mates.} 30. Kg2 fxe3 31. Rxe3 Bh3+ 32. Kh2 Bf1# {Accuracy: White = 58%, Black = 73%.} 0-1

[Event "GER-ch Blitz Women 2020"]
[Site "Magdeburg"]
[Date "2020.08.15"]
[Round "3.3"]
[White "Voicu-Jagodzinsky, Carmen"]
[Black "Michna, Marta"]
[Result "0-1"]
[WhiteElo "2244"]
[BlackElo "2350"]
[Annotator "TA"]
[PlyCount "73"]
[EventDate "2020.07.28"]
[EventType "tourn"]
[EventCountry "GER"]
[SourceTitle "playchess.com"]
[Source "ChessBase"]
[SourceQuality "1"]

{[%evp 9,73,25,22,11,38,38,61,50,41,34,44,51,47,34,50,20,54,33,37,36,33,38,31,24,35,25,35,19,25,17,6,0,0,4,0,-8,2,-50,11,-59,18,-43,-70,-45,64,-13,66,72,65,29,66,-55,-60,-40,12,47,48,17,25,0,201,189,261,137,147,78]} 1. Nf3 Nf6 2. g3 d6 3. Bg2 Nbd7 4. c4 e5 5. b3 c6 6. Bb2 {A05: Réti Opening: 1 Nf3 Nf6.} Qc7 7. O-O Be7 {[#]} 8. d3 $146 {White is slightly better.} ({Predecessor:} 8. Nc3 h6 9. d4 Nf8 10. Rc1 Ng6 11. h3 Bd7 12. b4 O-O 13. Qb3 Rac8 14. Rfd1 {½-½ (34) Durak,A (1771)-Deva,A (1629) Konya 2018}) 8... O-O 9. Nc3 a5 10. Qc2 Re8 11. e3 Bf8 12. Nd2 g6 13. a3 Bg7 14. b4 Nf8 15. b5 Be6 16. Rac1 h6 17. h3 N6d7 18. f4 Nc5 19. Nce4 Nxe4 20. Nxe4 {next c5 is good for White.} f5 21. Nd2 Rac8 22. a4 Nd7 23. Nb3 (23. Kh2 $11) 23... Bf7 ({Black should play} 23... cxb5 $15 24. axb5 Qb6 25. fxe5 dxe5) 24. Bc3 (24. bxc6 $11 bxc6 25. Bc3) 24... exf4 (24... cxb5 $15 25. axb5 a4) 25. exf4 (25. bxc6 $11 bxc6 26. exf4) 25... Bxc3 $15 26. Qxc3 Ra8 (26... cxb5 $15 27. axb5 a4) 27. Kh2 (27. bxc6 $14 bxc6 28. Kh2) 27... Nc5 (27... cxb5 $1 $11 28. axb5 a4) 28. Nxc5 $14 dxc5 29. Rce1 Rad8 30. Re5 (30. bxc6 $14 bxc6 31. Rxe8+ Rxe8 32. Re1) 30... Rxe5 $1 $15 31. fxe5 Re8 ({Black should try} 31... cxb5 $15 32. axb5 b6) 32. Re1 $11 Be6 33. bxc6 bxc6 34. Qd2 Rd8 $2 {[#]} (34... Kg7 $11 {and Black is okay.}) 35. Qxh6 $18 Qg7 (35... Bf7 {was necessary.} 36. Qe3 Rd4) 36. Qg5 (36. Qe3 $18) 36... Rxd3 $16 37. Bxc6 {[%mdl 32768] Accuracy: White = 52%, Black = 56%. . Loss on time!?} ({Better is} 37. Rb1 Qxe5 38. Qxg6+ Kf8 39. Rb6) 0-1

[Event "GER-ch Blitz Women 2020"]
[Site "Magdeburg"]
[Date "2020.08.15"]
[Round "3.4"]
[White "Leib, Britta"]
[Black "Scognamiglio, Stefanie"]
[Result "0-1"]
[WhiteElo "1903"]
[BlackElo "2097"]
[Annotator "NA RC"]
[PlyCount "29"]
[EventDate "2020.07.28"]
[EventType "tourn"]
[EventCountry "GER"]
[SourceTitle "playchess.com"]
[Source "ChessBase"]
[SourceQuality "1"]
[TimeControl "180+2"]

1. e4 c5 {[%emt 0:00:00]} 2. Nc3 {[%emt 0:00:00]} Nc6 {[%emt 0:00:00]} 3. Nf3 {[%emt 0:00:01]} d6 {[%emt 0:00:01]} 4. d4 {[%emt 0:00:02]} cxd4 {[%emt 0:00:01]} 5. Nxd4 {[%emt 0:00:01]} g6 {[%emt 0:00:01]} 6. Be3 {[%emt 0:00:06]} Bg7 {[%emt 0:00:02]} 7. h3 {[%emt 0:00:05]} Nf6 {[%emt 0:00:01]} 8. Be2 {[%emt 0:00:03]} O-O {[%emt 0:00:02]} 9. O-O {[%emt 0:00:02]} Nd5 {[%emt 0:00:01]} 10. Nxd5 {[%emt 0:00:09]} Qa5 {[%emt 0:00:06]} 11. c3 {[%emt 0:00:16]} Nxd4 {[%emt 0:00:05]} 12. Bxd4 {[%emt 0:00:01]} e5 {[%emt 0:00:06]} 13. Be3 {[%emt 0:00:08]} Rd8 {[%emt 0:00:10]} 14. Qd2 {[%emt 0:00:02]} Bf5 {[%emt 0:00:16]} 15. Rfd1 {[%emt 0:00:04]} 0-1

[Event "GER-ch Blitz Women 2020"]
[Site "Magdeburg"]
[Date "2020.08.15"]
[Round "3.5"]
[White "Heinemann, Josefine"]
[Black "Skibbe, Diana"]
[Result "1-0"]
[WhiteElo "2281"]
[BlackElo "1991"]
[Annotator "TA"]
[PlyCount "63"]
[EventDate "2020.07.28"]
[EventType "tourn"]
[EventCountry "GER"]
[SourceTitle "playchess.com"]
[Source "ChessBase"]
[SourceQuality "1"]

{[%evp 16,63,40,0,0,6,15,14,14,13,17,-3,7,18,8,-8,67,27,54,47,38,35,246,244,244,167,191,183,446,423,389,379,387,393,417,231,465,185,891,888,817,335,315,304,280,232,330,266,5397,5369]} 1. e4 e5 2. Nf3 Nf6 3. Nxe5 d6 4. Nf3 Nxe4 5. d4 d5 6. Bd3 Bd6 7. O-O O-O 8. c4 c6 9. h3 Nd7 {C42: Petroff Defence: 3 Nxe5 and unusual White 3rd moves.} 10. Nc3 Ndf6 11. cxd5 Nxc3 $1 {The position is equal.} 12. bxc3 {Black should prevent dxc6.} cxd5 13. c4 dxc4 14. Bxc4 {[#]} Bf5 $146 ({Predecessor:} 14... Qc7 15. Bb3 Bd7 16. Be3 Bb5 17. Re1 Bb4 18. Bd2 Bxd2 19. Qxd2 Qd6 20. Re5 Bc6 {1-0 (33) Azhar,M (1844)-Bisi,S Vung Tau 2008}) 15. Bg5 Be7 (15... h6 $11 16. Bxf6 Qxf6) 16. Ne5 Ne4 17. Bxe7 Qxe7 18. Re1 {Hoping for Qf3.} Qc7 $2 {Now Black is done in.} ({Black should try} 18... Qf6 $14) 19. Rc1 $18 {Threatens to win with Bxf7+.} Qb6 20. Qf3 Nd6 21. Bb3 $36 {[%mdl 2048] aiming for Nxf7! Black is under strong pressure.} Qxd4 $2 (21... Kh8 22. Nxf7+ Nxf7) 22. Rcd1 Qb6 {[#] If Black can now play ...g6 this consolidates a bit.} 23. Rxd6 $1 {[%mdl 576] Remove Defender} Qxd6 24. Qxf5 {[%cal Re5f7]} g6 25. Qb1 (25. Qe4 $142) 25... Kg7 $2 (25... Rad8 26. Qe4 Kg7 27. Qxb7 Rde8) 26. Ng4 $2 (26. Nxf7 Qf6 27. Re3) 26... Qd4 $2 (26... Rad8 27. Qa1+ Qd4) 27. Rd1 Qc3 28. Rc1 (28. Rd3 $142 Qc7 {[#]} 29. Bxf7 $1 {[%mdl 512]}) 28... Qd4 29. Rc4 Qd6 30. Qc1 Rad8 (30... Rae8 {was called for.} 31. g3 Kh8) 31. Qh6+ Kg8 $2 (31... Kh8 32. Nh2 Qd2) 32. Rf4 {Accuracy: White = 63%, Black = 36%.} 1-0

[Event "GER-ch Blitz Women 2020"]
[Site "Magdeburg"]
[Date "2020.08.15"]
[Round "3.6"]
[White "Zschischang, Marine"]
[Black "Sieber, Fiona"]
[Result "0-1"]
[WhiteElo "2070"]
[BlackElo "2201"]
[Annotator "TA"]
[PlyCount "60"]
[EventDate "2020.07.28"]
[EventType "tourn"]
[EventCountry "GER"]
[SourceTitle "playchess.com"]
[Source "ChessBase"]
[SourceQuality "1"]

{[%evp 9,60,14,141,-27,35,35,41,30,54,10,0,-6,33,0,22,5,21,3,57,-221,-224,-357,-363,-371,-364,-366,-362,-363,-353,-408,-387,-468,-454,-598,-594,-616,-604,-1076,-1075,-1053,-1033,-1153,-1134,-1120,-1088,-5202,-2883,-29983,-29974,-29994,-29995,-29997,-29998]} 1. d4 Nf6 2. Bf4 d6 3. Nc3 g6 4. e4 Bg7 5. Be2 Nbd7 {[#]} (5... O-O $11) 6. h4 $146 {B07: Pirc Defence: Miscellaneous Systems.} (6. e5 $1 $16) ({Predecessor:} 6. Qd2 c5 7. d5 a6 8. Bh6 O-O 9. h4 Ne5 10. Bxg7 Kxg7 11. h5 Rh8 12. h6+ Kf8 {1-0 (30) Bronnum,J (2046)-Fjallheim,E (1609) Helsingor 2019}) 6... h5 ({Black should try} 6... c5 $1 $11 7. d5 a6) 7. Nh3 $14 c5 8. d5 {White is slightly better.} a6 9. Ng5 b5 10. a3 Ne5 11. Qd2 Bd7 12. f3 Qb6 13. O-O b4 (13... O-O $11) 14. Na4 $2 {[%mdl 8192] [#] This move loses the game for White.} (14. Nd1 $14 {stays ahead.}) 14... Bxa4 $19 15. b3 (15. axb4 {was forced.} Bd7 16. bxc5 Qxc5+ 17. Qe3 Qxe3+ 18. Bxe3) 15... Bb5 16. axb4 Bxe2 17. Qxe2 cxb4+ 18. Be3 Qb7 19. Bd4 O-O 20. f4 Neg4 21. Ra4 Nh7 22. Bxg7 Kxg7 23. Qd3 Qb6+ 24. Kh1 Nxg5 25. fxg5 Nf2+ 26. Rxf2 Qxf2 27. g3 Rac8 28. c4 bxc3 {Black mates.} 29. Rxa6 c2 30. Ra1 c1=Q+ {[%mdl 64] Double Attack. Accuracy: White = 35%, Black = 76%.} 0-1

[Event "GER-ch Blitz Women 2020"]
[Site "Magdeburg"]
[Date "2020.08.15"]
[Round "3.7"]
[White "Frey, Alisa"]
[Black "Zeller, Elisa"]
[Result "1-0"]
[WhiteElo "2087"]
[BlackElo "1969"]
[Annotator "TA"]
[PlyCount "57"]
[EventDate "2020.07.28"]
[EventType "tourn"]
[EventCountry "GER"]
[SourceTitle "playchess.com"]
[Source "ChessBase"]
[SourceQuality "1"]

{[%evp 21,57,-20,0,-61,-58,-25,20,-38,-21,-24,-25,-21,0,0,16,16,20,-36,7,0,19,9,31,16,20,16,45,53,56,0,16,0,42,21,65,41,37,0]} 1. e4 e6 2. d4 d5 3. Nc3 Bb4 4. e5 c5 5. a3 Bxc3+ 6. bxc3 Ne7 7. Qg4 O-O 8. Bd3 f5 9. exf6 Rxf6 10. Bg5 Rf7 11. Nf3 Nbc6 {[#] Strongly threatening ...e5.} 12. O-O {[#] C18: French: 3 Nc3 Bb4: Main line: 7 h4 and 7 Qg4.} (12. c4 $11) 12... c4 $146 ({Predecessor:} 12... e5 13. Qg3 e4 14. Ne5 Nxe5 15. dxe5 exd3 16. cxd3 h6 17. Bd2 Nf5 18. Qf4 Nd4 19. Qe3 Nc2 {0-1 (19) Vontina,M (599)-Parker,S (1267) LSS email 2011}) 13. Be2 e5 14. Qh4 (14. Qg3 $1 $11) 14... e4 15. Ne5 Nxe5 16. dxe5 Qd7 17. Bh5 Ng6 18. Bxg6 hxg6 19. Rad1 ({Better is} 19. Qg3 $11) 19... Qc6 (19... Qe6 {is interesting.} 20. Qg3 Bd7 21. f3 exf3 22. Rxf3 Raf8) 20. Qg3 Bf5 21. Be3 b6 22. Rd2 Rd8 23. Rfd1 Qe6 24. a4 Rfd7 25. Bg5 (25. h3 $14) 25... Re8 26. Bf4 Qc6 27. Ra1 Qe6 28. Qe3 Rc8 29. h3 {[%mdl 32768] Accuracy: White = 65%, Black = 67%. . Loss on time!?} 1-0

[Event "GER-ch Blitz Women 2020"]
[Site "Magdeburg"]
[Date "2020.08.15"]
[Round "3.8"]
[White "Zimmer, Elke"]
[Black "Kosovska, Olena"]
[Result "0-1"]
[WhiteElo "1952"]
[BlackElo "1881"]
[Annotator "NA"]
[PlyCount "36"]
[EventDate "2020.07.28"]
[EventType "tourn"]
[EventCountry "GER"]
[SourceTitle "playchess.com"]
[Source "ChessBase"]
[SourceQuality "1"]
[TimeControl "180+2"]

1. e4 {[%emt 0:00:00]} e5 {[%emt 0:00:00]} 2. Nf3 {[%emt 0:00:02]} Nc6 {[%emt 0:00:00]} 3. d4 {[%emt 0:00:01]} exd4 {[%emt 0:00:02]} 4. Nxd4 {[%emt 0:00:00]} Nf6 {[%emt 0:00:01]} 5. Nc3 {[%emt 0:00:05]} Bb4 {[%emt 0:00:01]} 6. Nxc6 {[%emt 0:00:08]} bxc6 {[%emt 0:00:01]} 7. Bd3 {[%emt 0:00:03]} Bxc3+ {[%emt 0:00:06]} 8. bxc3 {[%emt 0:00:01]} d6 {[%emt 0:00:02]} 9. O-O {[%emt 0:00:03]} h6 {[%emt 0:00:08]} 10. Re1 {[%emt 0:00:04]} O-O {[%emt 0:00:06]} 11. c4 {[%emt 0:00:14]} Rb8 {[%emt 0:00:14]} 12. Bd2 {[%emt 0:00:12]} Be6 {[%emt 0:00:03]} 13. Bc3 {[%emt 0:00:02]} Ng4 {[%emt 0:00:33]} 14. f4 {[%emt 0:00:09]} Qh4 {[%emt 0:00:20]} 15. Qf3 {[%emt 0:00:31]} Qxh2+ {[%emt 0:00:18]} 16. Kf1 {[%emt 0:00:06]} Qh4 17. Ke2 Nh2 {[%emt 0:00:54]} 18. Qf2 {[%emt 0:00:10]} Bg4+ {[%emt 0:00:16]} 0-1

[Event "GER-ch Blitz Women 2020"]
[Site "Magdeburg"]
[Date "2020.08.15"]
[Round "3.9"]
[White "Birkholz, Olga"]
[Black "Muetsch, Annmarie"]
[Result "0-1"]
[WhiteElo "2001"]
[BlackElo "2219"]
[Annotator "TA"]
[PlyCount "51"]
[EventDate "2020.07.28"]
[EventType "tourn"]
[EventCountry "GER"]
[SourceTitle "playchess.com"]
[Source "ChessBase"]
[SourceQuality "1"]

{[%evp 9,51,0,61,52,57,40,41,47,45,45,36,41,64,46,54,48,92,55,182,86,158,72,149,52,52,49,71,62,61,70,55,-39,-37,-52,39,53,68,72,66,29,59,24,192,156]} 1. d4 Nf6 2. Nf3 e6 3. Bg5 h6 4. Bh4 Be7 5. e3 g5 (5... O-O $11) 6. Bg3 $14 {A46: 1 d4 Nf6 2 Nf3 e6: Torre, London and Colle Systems.} Ne4 {[#]} 7. Nbd2 $146 ({Predecessor:} 7. Bd3 Nxg3 8. hxg3 b6 9. Nbd2 Ba6 10. Qe2 Bxd3 11. Qxd3 c5 12. d5 exd5 13. Qxd5 {0-1 (51) Robaina Bordon,H (1811)-Guerra Aleman,M (1665) Gran Canaria 2019}) 7... Nxg3 8. hxg3 {White is slightly better.} d6 9. c3 Nd7 10. Qc2 g4 11. Nh2 Nf6 12. O-O-O Qd7 13. e4 {e5 is the strong threat.} Rg8 (13... e5 $1 $14) 14. Be2 (14. e5 $18) 14... h5 (14... e5 $142) 15. Nhf1 (15. e5 $142 dxe5 16. dxe5) 15... b6 {[#]} (15... e5 $142) 16. Ne3 (16. e5 $1 $16 {[%cal Re5f6]} Nd5 17. Rxh5) 16... Bb7 17. e5 Nd5 18. Rxh5 Nxe3 19. fxe3 O-O-O $1 20. e4 (20. Rf1 $14) 20... dxe5 $15 21. Rxe5 f6 ({Black should try} 21... Kb8 $15) 22. Rh5 $36 {[%mdl 2048] White has the initiative.} Bf8 23. Rdh1 Rg7 24. Bd3 Qd6 25. Nf1 e5 $2 {[#]} (25... Kb8 $11 {and Black has nothing to worry.}) 26. d5 {[%mdl 32768] Accuracy: White = 43%, Black = 53%. . Loss on time!?} 0-1